000 00610nam a2200169 4500
001 121799
003 ES-MaACL
005 20230906191828.0
007 t|
008 070214s1977 sp r ||||1| spa d
245 0 0 _aPliegos poéticos del s. XVI de la Biblioteca de Cataluña
_b: edición en facsímile /
_cprecedida de una introducción por José Manuel Blecua.
260 _aMadrid :
_bJoyas bibliográficas,
_c1977.
300 _a2 v. ;
_c25 cm.
500 _aEl v. 2 es edición facsímil en 59 cuadernillos sueltos.
700 0 _aBlecua, José Manuel.
_929459
852 _aES-MaACL
_jA-7710-1
_bR.96053
999 _c121799
_d121799